Kolory – Nagła śmierć - Statystyki

Ogólne statystyki
  • Ten quiz został rozwiązany 312 razy
    253 od ostatniego zresetowania
  • Średni wynik to 6 z 11
Answers on the Grid
Answers color-coded by a green-red scale on the quiz's grid according to % correct below.
Limonkowy
Czerwony
Mąkowy
Łososiowy
Cebulowy
Oliwkowy
Nemowy
Czarny
Berzowy
Cyjan
Brąz
Dębowy
Finowy
Fuksyjny
Blakowy
Błękitny
Cieniowy
Ledowy
 
Statystyki odpowiedzi
Odpowiedź % Poprawnych
Czerwony
91%
Czarny
80%
Limonkowy
73%
Oliwkowy
71%
Łososiowy
69%
Błękitny
64%
Brąz
64%
Cyjan
53%
Fuksyjny
34%
Dębowy
23%
Cieniowy
5%
Nie znaleziono quizów pasujących do podanych kryteriów
Rozkład punktacji
Procent ludzi z każdym wynikiem
Percentyl według liczby udzielonych odpowiedzi
Twoja historia wyników
Nie rozwiązałeś tego quizu od ostatniego zresetowania